• 首页
  • 本馆介绍
  • 公告通知
  • 最新文献
  • 馆藏检索
  • 电子资源
  • 读者导购
  • 参考咨询
  • 我的图书馆
  • 登录
  • 详细信息显示
  • 放入我的书架
  • 预约/预借图书
  • 作者相关作品
  • 分类相关作品
  • 丛书相关作品
  • 出版社相关作品

书目信息

  • 表格格式
  • 工作单格式
  • 卡片格式
题名:
产业经济学
    
 
作者: 石奇 主编
分册:  
出版信息: 北京   中国人民大学出版社  2011
页数: 265页
开本: 26cm
丛书名:
单 册:
中图分类: F062.9
科图分类:
主题词: 产业经济学--Chan Ye Jing Ji Xue--高等学校--教材 , 产业经济学--Chan Ye Jing Ji Xue
电子资源:
ISBN: 978-7-300-14294-4
000 00999nam0 22002771 450
001 351164
005 20161011153126.25
010    @a978-7-300-14294-4@dCNY33.00
100    @a20111129d2011 em y0chiy50 ea
101 0  @achi
102    @aCN@b110000
105    @ay z 000yy
106    @ar
200 1  @a产业经济学@AChan Ye Jing Ji Xue@dIndustrial economics@f石奇主编@zeng
205    @a2版
210    @a北京@c中国人民大学出版社@d2011
215    @a265页@d26cm
300    @a高等院校精品课程教材
330    @a本书在对产业经济学的经典内容进行系统介绍的同时,还深入浅出地对产业经济学领域新近发展的论题安排了较充分的讲授。例如,以产业集聚理论、新产业区理论为主要内容来反映产业发展和产业创新的空间特征。
510 1  @aIndustrial economics@zeng
606 0  @a产业经济学@AChan Ye Jing Ji Xue@x高等学校@j教材
606 0  @a产业经济学@AChan Ye Jing Ji Xue
690    @aF062.9@v5
701  0 @a石奇@AShi Qi@c(1966.5~)@4主编
801  0 @aCN@bTANGWEI@c20160812
905    @b0893441-5@dF062.9@e144=2@f5
    
    产业经济学=Industrial economics/石奇主编.-2版.-北京:中国人民大学出版社,2011
    265页;26cm
    高等院校精品课程教材
    
    ISBN 978-7-300-14294-4:CNY33.00
    本书在对产业经济学的经典内容进行系统介绍的同时,还深入浅出地对产业经济学领域新近发展的论题安排了较充分的讲授。例如,以产业集聚理论、新产业区理论为主要内容来反映产业发展和产业创新的空间特征。
●
相关链接 在E读中查询图书 在五车中查询图书 在当当中查询图书 在豆瓣中查询图书


正题名:产业经济学     索取号:F062.9/144=2         预约/预借

序号 登录号 条形码 馆藏地/架位号 状态 备注
1 0893441   208934411   第一样本阅览室/ [索取号:F062.9/144=2] 在馆    
2 0893442   208934420   第一借阅区/ [索取号:F062.9/144=2] 在馆    
3 0893443   208934439   第一借阅区/ [索取号:F062.9/144=2] 在馆    
4 0893444   208934448   第一借阅区/ [索取号:F062.9/144=2] 在馆    
5 0893445   208934457   密集书库-海洋学院/ [索取号:F062.9/144=2] 在馆    
唐山师范学院图书馆 欢迎您!
大连网信软件有限公司© 版权所有